Historic Flags - Africa (Colonial) - Statistics

General Stats
  • This quiz has been taken 17 times
  • The average score is 16 of 46
Answer Stats
Picture Answer % Correct
Cameroon (1922-1961)
77%
Liberia (1827-1847)
77%
Libya, Ethiopia, Eritrea, & Somalia
77%
Namibia (1928-1982)
77%
Rwanda & Burundi
77%
Tanzania, Namibia, Togo, Cameroon
77%
Angola, Mozambique, Cape Verde, Guinea-Bissau, São Tomé
69%
Egypt (1881-1922)
69%
Algeria, Mali, Senegal, etc.
62%
Egypt (1914-1922)
62%
Equatorial Guinea & Western Sahara
62%
Congo (1877-1960)
54%
Equatorial Guinea & Western Sahara
54%
Mali (1958-1959)
54%
Nigeria, Kenya, Uganda, Ghana, South Africa, etc.
54%
Gabon (1959-1960)
46%
Ghana (1877-1957)
38%
Tanzania (1923-1961)
38%
Zambia (1939-1964)
38%
Libya (1864–1911)
31%
Nigeria (1914-1960)
31%
Zimbabwe (1924-1964)
31%
Zimbabwe (1964-1968)
31%
Kenya (1921-1963)
23%
Malawi (1919-1925)
23%
Mauritius (1923-1968)
23%
South Africa (1843-1910)
23%
South Africa (1876–1910)
23%
The Gambia (1889–1965)
23%
Uganda (1914-1962)
23%
Kenya (1895-1921)
15%
Madagascar (1882-1897)
15%
Malawi (1914–1919)
15%
Malawi, Zambia, Zimbabwe
15%
Seychelles (1961-1976)
15%
Sierra Leone (1889-1914)
15%
Togo (1956-1960)
15%
Malawi (1893-1914)
8%
Mauritius (1906-1923)
8%
Seychelles (1903-1961)
8%
Sierra Leone (1914-1961)
8%
Somaliland (1903-1950)
8%
Somaliland (1952-1960)
8%
South Africa (1902-1910)
8%
Mauritius (1869-1906)
0%
South Africa (1877-1881, 1902-1910)
0%
No matching quizzes found
Score Distribution
Percent of People with Each Score
Percentile by Number Answered
Your Score History
You have not taken this quiz